The romance of the three kingdoms / (Record no. 523566)

000 -LEADER
fixed length control field 02616cam a22005655i 4500
001 - CONTROL NUMBER
control field 20785695
003 - CONTROL NUMBER IDENTIFIER
control field NUST
005 - DATE AND TIME OF LATEST TRANSACTION
control field 20190427093643.0
008 - FIXED-LENGTH DATA ELEMENTS--GENERAL INFORMATION
fixed length control field 181218t20182018enkab 000 1 eng d
010 ## - LIBRARY OF CONGRESS CONTROL NUMBER
LC control number 2018377476
015 ## - NATIONAL BIBLIOGRAPHY NUMBER
National bibliography number GBB883939
Source bnb
016 7# - NATIONAL BIBLIOGRAPHIC AGENCY CONTROL NUMBER
Record control number 018861436
Source Uk
020 ## - INTERNATIONAL STANDARD BOOK NUMBER
International Standard Book Number 9780241332771
Qualifying information paperback
020 ## - INTERNATIONAL STANDARD BOOK NUMBER
International Standard Book Number 024133277X
Qualifying information paperback
020 ## - INTERNATIONAL STANDARD BOOK NUMBER
Canceled/invalid ISBN 9780141197449 (ePub ebook)
035 ## - SYSTEM CONTROL NUMBER
System control number (OCoLC)on1020312496
038 ## - RECORD CONTENT LICENSOR
Staff Name AZHAR
040 ## - CATALOGING SOURCE
Original cataloging agency YDX
Language of cataloging eng
Transcribing agency YDX
Description conventions rda
Modifying agency BDX
-- SINLB
-- OCLCF
-- COO
-- NYP
-- YDX
-- BKL
-- NGU
-- UKMGB
-- DLC
041 1# - LANGUAGE CODE
Language code of text/sound track or separate title eng
Language code of original chi
042 ## - AUTHENTICATION CODE
Authentication code lccopycat
043 ## - GEOGRAPHIC AREA CODE
Geographic area code a-cc---
082 04 - DEWEY DECIMAL CLASSIFICATION NUMBER
Classification number 895.13/46
Edition number 23
100 1# - MAIN ENTRY--PERSONAL NAME
Personal name Luo, Guanzhong,
Dates associated with a name approximately 1330-approximately 1400,
Relator term author.
9 (RLIN) 14224
240 10 - UNIFORM TITLE
Uniform title San guo zhi yan yi.
Language of a work English
245 14 - TITLE STATEMENT
Title The romance of the three kingdoms /
Statement of responsibility, etc. Luo Guanzhong ; translated by Martin Palmer ; assisted by He Yun, Jay Ramsay and Victoria Finlay.
264 #1 - PRODUCTION, PUBLICATION, DISTRIBUTION, MANUFACTURE, AND COPYRIGHT NOTICE
Place of production, publication, distribution, manufacture London :
Name of producer, publisher, distributor, manufacturer Penguin Books,
Date of production, publication, distribution, manufacture, or copyright notice 2018.
264 #4 - PRODUCTION, PUBLICATION, DISTRIBUTION, MANUFACTURE, AND COPYRIGHT NOTICE
Date of production, publication, distribution, manufacture, or copyright notice ©2018
300 ## - PHYSICAL DESCRIPTION
Extent xlv, 617 pages :
Other physical details illustrations, map ;
Dimensions 20 cm.
336 ## - CONTENT TYPE
Content type term text
Content type code txt
Source rdacontent
336 ## - CONTENT TYPE
Content type term still image
Content type code sti
Source rdacontent
336 ## - CONTENT TYPE
Content type term cartographic image
Content type code cri
Source rdacontent
337 ## - MEDIA TYPE
Media type term unmediated
Media type code n
Source rdamedia
338 ## - CARRIER TYPE
Carrier type term volume
Carrier type code nc
Source rdacarrier
490 1# - SERIES STATEMENT
Series statement Penguin Classics ;
Volume/sequential designation 001
500 ## - GENERAL NOTE
General note Translated from the Chinese.
520 ## - SUMMARY, ETC.
Summary, etc. A new translation and abridgement of one of the four classical Chinese novels - an epic story of warring factions in the era of China's Han dynasty. Part historical and part legend, The Romance of the Three Kingdoms dramatizes the lives of feudal lords and their retainers, recounting their personal and military battles, intrigues and struggles to achieve dominance for almost a hundred years. It is one of the most beloved works of East Asian literature, and the most famous historical novel in China. -- Publisher website.
648 #7 - SUBJECT ADDED ENTRY--CHRONOLOGICAL TERM
Chronological term 220-1644
Source of heading or term fast
9 (RLIN) 14225
650 #0 - SUBJECT ADDED ENTRY--TOPICAL TERM
Topical term or geographic name entry element Chinese fiction
Chronological subdivision Ming dynasty, 1368-1644.
9 (RLIN) 14226
650 #7 - SUBJECT ADDED ENTRY--TOPICAL TERM
Topical term or geographic name entry element Chinese fiction
General subdivision Ming dynasty.
Source of heading or term fast
Authority record control number or standard number (OCoLC)fst01906858
9 (RLIN) 14227
651 #0 - SUBJECT ADDED ENTRY--GEOGRAPHIC NAME
Geographic name China
General subdivision History
Chronological subdivision Three kingdoms, 220-265
Form subdivision Fiction.
9 (RLIN) 14228
651 #7 - SUBJECT ADDED ENTRY--GEOGRAPHIC NAME
Geographic name China.
Source of heading or term fast
Authority record control number or standard number (OCoLC)fst01206073
9 (RLIN) 11415
655 #7 - INDEX TERM--GENRE/FORM
Genre/form data or focus term Fiction.
Source of term fast
Authority record control number (OCoLC)fst01423787
9 (RLIN) 14229
655 #7 - INDEX TERM--GENRE/FORM
Genre/form data or focus term History.
Source of term fast
Authority record control number (OCoLC)fst01411628
9 (RLIN) 13777
700 1# - ADDED ENTRY--PERSONAL NAME
Personal name Palmer, Martin,
Relator term abridger,
-- translator.
9 (RLIN) 14230
776 08 - ADDITIONAL PHYSICAL FORM ENTRY
Relationship information ebook version :
International Standard Book Number 9780141197449
830 #0 - SERIES ADDED ENTRY--UNIFORM TITLE
Uniform title Penguin classics.
9 (RLIN) 11658
906 ## - LOCAL DATA ELEMENT F, LDF (RLIN)
a 0
b ibc
c copycat
d 2
e ncip
f 20
g y-gencatlg
942 ## - ADDED ENTRY ELEMENTS (KOHA)
Source of classification or shelving scheme
Koha item type Book
Holdings
Withdrawn status Lost status Source of classification or shelving scheme Damaged status Not for loan Permanent Location Current Location Shelving location Date acquired Total Checkouts Total Renewals Full call number Barcode Date last seen Date last checked out Price effective from Koha item type
          Central Library (CL) Central Library (CL) Chinese Studies 04/27/2019 3 2 895.13 GUA CL-24 02/09/2026 09/22/2025 04/27/2019 Book
© 2023 Central Library, National University of Sciences and Technology. All Rights Reserved.